|
|
|
|
| LEADER |
00000nam0a2200000 4500 |
| 001 |
1599 |
| 005 |
20231101204209.0 |
| 035 |
|
|
|a (RuTPU)RU\TPU\book\1607
|
| 090 |
|
|
|a 1599
|
| 100 |
|
|
|a 20011209d1982 m y0rusy50 ca
|
| 101 |
0 |
|
|a rus
|
| 102 |
|
|
|a UA
|
| 105 |
|
|
|a a z 000ay
|
| 200 |
1 |
|
|a Господа Головлевы. Роман; Сказки
|f М. Е. Салтыков (Салтыков-Щедрин)
|g авт. предисл. А. Турков; худож. Р. О. Волынский
|
| 210 |
|
|
|a Харьков
|c Прапор
|d 1995
|
| 215 |
|
|
|a 322 с.
|c ил.
|
| 225 |
1 |
|
|a Школьная библиотека
|
| 610 |
1 |
|
|a романы
|
| 610 |
1 |
|
|a сказки
|
| 610 |
1 |
|
|a русская литература
|
| 675 |
|
|
|a Р1
|v 3
|
| 700 |
|
1 |
|a Салтыков (Салтыков-Щедрин)
|b М. Е.
|c русский писатель
|c публицист
|c настоящая фамилия Салтыков, псевдоним Н. Щедрин
|f 1826-1889
|g Михаил Евграфович
|2 stltpui
|3 (RuTPU)RU\TPU\pers\1208
|9 536
|
| 702 |
|
1 |
|a Турков
|b А.
|g Андрей
|4 080
|
| 702 |
|
1 |
|a Волынский
|b Р. О.
|4 440
|
| 801 |
|
0 |
|a RU
|b 63413507
|c 20011209
|g PSBO
|
| 801 |
|
2 |
|a RU
|b 63413507
|c 20191213
|g PSBO
|
| 942 |
|
|
|c BK
|